000 00719nam a2200241 a 4500
001 BRL_677
005 20190320210841.0
008 230913s1957----mx-a######---#000-0#spa-#
041 _aspa
044 _amx
050 4 _aND50
_bT54 5 1957
100 1 _aSchmeller, Alfred
_924622
245 1 0 _aEl Surrealismo.
_cSchmeller Alfred; traducción de Matilde Z. Horne.
260 _aMéxico
_bHermes
_c1957
300 _a14 p.
_bil. algunas a color.
_c19 cm.
440 0 _aTiempo y color
_pPrimera serie: Tendencias de la pintura moderna
_v5
_924623
500 _aAu725
650 1 4 _aPintura
_xHistoria
_924624
650 1 4 _aSurrealismo
_924625
700 1 _aHorne, Matilde Z.
_etr.
_924626
902 _aGRL
942 _2lcc
_cB
999 _c9489
_d9489